|
|
|
|
| LEADER |
00000nam0a2200000 4500 |
| 001 |
167648 |
| 005 |
20231031162845.0 |
| 035 |
|
|
|a (RuTPU)RU\TPU\book\181875
|
| 090 |
|
|
|a 167648
|
| 100 |
|
|
|a 20091017d1968 m y0rusy50 ca
|
| 101 |
0 |
|
|a rus
|
| 102 |
|
|
|a RU
|
| 105 |
|
|
|a a z 001zy
|
| 200 |
1 |
|
|a Подсчет прогнозных запасов нефти и газа
|e учебное пособие для вузов
|f М. А. Жданов, Е. В. Гординский
|
| 210 |
|
|
|a Москва
|c Недра
|d 1968
|
| 215 |
|
|
|a 196 с.
|c черт.
|
| 320 |
|
|
|a Библиогр.: с. 187-191.
|
| 610 |
1 |
|
|a нефтяные месторождения
|
| 610 |
1 |
|
|a запасы
|
| 610 |
1 |
|
|a подсчет
|
| 610 |
1 |
|
|a классификация
|
| 610 |
1 |
|
|a учебные пособия
|
| 610 |
1 |
|
|a газовые месторождения
|
| 675 |
|
|
|a 553.98(075)
|v 3
|
| 700 |
|
1 |
|a Жданов
|b М. А.
|g Михаил Алексеевич
|
| 701 |
|
1 |
|a Гординский
|b Е. В.
|g Евгений Владимирович
|
| 801 |
|
1 |
|a RU
|b 63413507
|c 20091017
|
| 801 |
|
2 |
|a RU
|b 63413507
|c 20200113
|g RCR
|
| 942 |
|
|
|c BK
|